Türkiye ekonomisi 2003 (Record no. 5669)

MARC details
000 -BAŞLIK
Sabit Uzunlukta Kontrol Alanı 00691na a2200229 4500
001 - KONTROL NUMARASI
Denetim Alanı 20574
003 - KONTROL NUMARASI IDENTIFIER
Denetim Alanı MIRAKIL
005 - SON İŞLEM TARİHİ VE ZAMANI
Denetim Alanı 20181213155043.0
008 - SABİT-BOY VERİ ELEMANLARI - GENEL BİLGİLER
Sabit Uzunlukta Kontrol Alanı 170124b tu 000 0
020 ## - ULUSLARARASI STANDART KİTAP NUMARASI
Uluslararası Standart Kitap Numarası 9755127259
040 ## - KATALOGLAMA KAYNAK
Orijinal Kataloglama Ajansı Milas
Kataloglama Dili tur
Metne Dönüştürmek Ajansı TR-AnCHP
041 ## - DİL KODU
Metin / Ses Parça Veya Ayrı Başlığın Dil Kodu tur
082 ## - DEWEY ONLU SINIFLANDIRMA NUMARASI
Sınıflandırma Numarası 330.9561
Ürün Numarası T96 2003
090 ## - SINIFLAMA NUMARASI
Sınıflama Numarası 330.9561 T96 2003
245 ## - BAŞLIK TABLOSU
Başlık Türkiye ekonomisi 2003
Sorumluluk Tablosu, Vb İstanbul Sanayi Odası
260 ## - YAYIN, DAĞITIM, VB
Yayın, Dağıtım, Vb Yeri İstanbul
Yayıncı, Dağıtıcı, Vs Adı İstanbul Sanayi Odası
Yayın, Dağıtım, Vb Tarihi 2003
Üretici Firma Tempo Matbaacılık
300 ## - FİZİKSEL TANIM
Kapsam 95 s.
Diğer Fiziksel Ayrıntıları tbl. ; grf.
Boyutlar 27 sm.
490 ## - SERİSİ TABLOSU
Seri Beyanı İstanbul Sanayi Odası yayınları
Hacim / Ardışık Tanımı 2003/4
650 ## - KONU KATMA GİRİŞ - TOPİKAL DÖNEM
Topikal Süreli Veya Coğrafi Ad Giriş Elemanı Türkiye
Genel Alt Bölümü Ekonomik durum, 2003
710 ## - KATMA GİRİŞ - KURUMSAL ADI
Giriş Elemanı Olarak Kurumsal Ad Veya Yargı Alanı Adı İstanbul Sanayi Odası (İSO)
942 ## - EKLENDİ GİRİŞ ELEMANLARI (KOHA)
Sınıflandırma Veya Raf Düzeni Kaynak Dewey Decimal Classification
Koha Öğesi Türü Books
999 ## - SİSTEM KONTROL NUMARALARI (KOHA)
Koha Biblionumber 5669
Koha Biblioitemnumber 5669
Holdings
Kalıcı Konum Mevcut Konum Edinme Tarihi Edinim Kaynak Toplam Check-Out'Lar Tam Çağrı Numarası Barkod Tarih Son Görülme İtibaren Geçerli Fiyatlar Koha Öğesi Türü
CHP Kütüphanesi CHP Kütüphanesi 01/24/2017 Bağış   330.9561 T96 2003 012084 01/24/2017 01/24/2017 Books